000 00824cam a2200253 a 4500
001 113
003 BR-CuiBMT
005 20231108211237.0
008 230816s2018 mgba 000 0 por d
020 _a9788545004813
040 _aBR-CuiBMT
_cBR-CuiBMT
080 _22007
_a343.352
_x(81)
090 _a343.352(81)
_bF992b
100 1 _aFurtado, Lucas Rocha
245 1 0 _aBrasil e corrupção :
_banálise de casos (inclusive da operação lava jato) /
_cLucas Rocha Furtado.
260 _aBelo Horizonte :
_bFórum,
_c2018.
300 _a238 p. :
_bil. ;
_c22 cm
504 _aInclui bibliografia.
650 _aCorrupção
_xAdministração pública
_zBrasil
650 _aCorrupção
_xAspectos sociológicos
650 _aAdministração pública
_xDelitos
650 _aDireito administrativo
_zBrasil
942 _2udc
_cLV
999 _c113
_d113